<?xml version="1.0" encoding="UTF-8"?>
<record
    xmlns:xsi="http://www.w3.org/2001/XMLSchema-instance"
    xsi:schemaLocation="http://www.loc.gov/MARC21/slim http://www.loc.gov/standards/marcxml/schema/MARC21slim.xsd"
    xmlns="http://www.loc.gov/MARC21/slim">

  <leader>01135nam a22002657a 4500</leader>
  <controlfield tag="005">20170124103017.0</controlfield>
  <datafield tag="010" ind1=" " ind2=" ">
    <subfield code="a">A-894786</subfield>
  </datafield>
  <datafield tag="020" ind1=" " ind2=" ">
    <subfield code="c">35.00</subfield>
    <subfield code="a">8123719337</subfield>
  </datafield>
  <datafield tag="035" ind1=" " ind2=" ">
    <subfield code="a">A-894786</subfield>
  </datafield>
  <datafield tag="037" ind1=" " ind2=" ">
    <subfield code="b">Cen Lib/Ret</subfield>
  </datafield>
  <datafield tag="040" ind1=" " ind2=" ">
    <subfield code="a">DPL</subfield>
    <subfield code="b">HN</subfield>
  </datafield>
  <datafield tag="082" ind1=" " ind2=" ">
    <subfield code="a">&#x909; </subfield>
    <subfield code="b">&#x926;&#x93E;&#x908;&#x932;&#x942;</subfield>
  </datafield>
  <datafield tag="100" ind1=" " ind2=" ">
    <subfield code="a">&#x926;&#x93E;&#x908; ,&#x932;&#x941;&#x92E;&#x94D;&#x92E;&#x947;&#x930; </subfield>
    <subfield code="9">43761</subfield>
  </datafield>
  <datafield tag="245" ind1=" " ind2=" ">
    <subfield code="a">&#x927;&#x930;&#x924;&#x940; &#x915;&#x940; &#x939;&#x902;&#x938;&#x940;  /</subfield>
    <subfield code="c">&#x926;&#x93E;&#x908; ,&#x932;&#x941;&#x92E;&#x94D;&#x92E;&#x947;&#x930; ; &#x905;&#x928;&#x941;&#x935;&#x93E;&#x926;&#x915; &#x938;&#x924;&#x94D;&#x92F;&#x926;&#x947;&#x935; &#x92A;&#x94D;&#x930;&#x938;&#x93E;&#x926; </subfield>
  </datafield>
  <datafield tag="246" ind1=" " ind2=" ">
    <subfield code="a">Dharti ki hansi </subfield>
    <subfield code="b">by Lummer Dai; anuvadak Satyadev Prasad </subfield>
  </datafield>
  <datafield tag="260" ind1=" " ind2=" ">
    <subfield code="a">&#x928;&#x908; &#x926;&#x93F;&#x932;&#x94D;&#x932;&#x940; </subfield>
    <subfield code="b">&#x928;&#x947;&#x936;&#x928;&#x932; &#x92C;&#x941;&#x915; &#x91F;&#x94D;&#x930;&#x938;&#x94D;&#x91F; </subfield>
    <subfield code="c">1996</subfield>
  </datafield>
  <datafield tag="270" ind1=" " ind2=" ">
    <subfield code="a">&#x90F; -5, &#x917;&#x94D;&#x930;&#x940;&#x928; &#x92A;&#x93E;&#x930;&#x94D;&#x915; </subfield>
    <subfield code="b">&#x928;&#x908;  &#x926;&#x93F;&#x932;&#x94D;&#x932;&#x940; </subfield>
    <subfield code="e">110016</subfield>
  </datafield>
  <datafield tag="300" ind1=" " ind2=" ">
    <subfield code="a">viii,183&#x92A;&#x943;&#x937;&#x94D;&#x920;. </subfield>
    <subfield code="c">20&#x938;&#x947;&#x92E;&#x940;(&#x938;&#x91C;&#x93F;&#x932;&#x94D;&#x926;)</subfield>
  </datafield>
  <datafield tag="650" ind1=" " ind2=" ">
    <subfield code="a">&#x939;&#x93F;&#x902;&#x926;&#x940; &#x938;&#x93E;&#x939;&#x93F;&#x924;&#x94D;&#x92F; </subfield>
    <subfield code="9">118066</subfield>
  </datafield>
  <datafield tag="650" ind1=" " ind2=" ">
    <subfield code="a">&#x939;&#x93F;&#x902;&#x926;&#x940; &#x909;&#x92A;&#x928;&#x94D;&#x92F;&#x93E;&#x938; </subfield>
    <subfield code="9">118067</subfield>
  </datafield>
  <datafield tag="650" ind1=" " ind2=" ">
    <subfield code="a">hindi literature</subfield>
    <subfield code="9">118068</subfield>
  </datafield>
  <datafield tag="650" ind1=" " ind2=" ">
    <subfield code="a">Hindi novel</subfield>
    <subfield code="9">118069</subfield>
  </datafield>
  <datafield tag="700" ind1=" " ind2=" ">
    <subfield code="a">&#x92A;&#x94D;&#x930;&#x938;&#x93E;&#x926;, &#x938;&#x924;&#x94D;&#x92F;&#x926;&#x947;&#x935; </subfield>
    <subfield code="9">118070</subfield>
  </datafield>
  <datafield tag="942" ind1=" " ind2=" ">
    <subfield code="2">ddc</subfield>
    <subfield code="c">HN</subfield>
    <subfield code="h">&#x909; </subfield>
    <subfield code="m">&#x926;&#x93E;&#x908;&#x932;&#x942; </subfield>
  </datafield>
  <datafield tag="999" ind1=" " ind2=" ">
    <subfield code="c">115026</subfield>
    <subfield code="d">115026</subfield>
  </datafield>
  <datafield tag="952" ind1=" " ind2=" ">
    <subfield code="0">0</subfield>
    <subfield code="1">0</subfield>
    <subfield code="4">0</subfield>
    <subfield code="7">0</subfield>
    <subfield code="a">L</subfield>
    <subfield code="b">L</subfield>
    <subfield code="d">2015-08-19</subfield>
    <subfield code="e">Cen Lib/Ret</subfield>
    <subfield code="g">35.00</subfield>
    <subfield code="l">0</subfield>
    <subfield code="o">&#x909;  &#x926;&#x93E;&#x908;&#x932;&#x942;</subfield>
    <subfield code="p">A-894786</subfield>
    <subfield code="r">2015-08-19 00:00:00</subfield>
    <subfield code="t">1</subfield>
    <subfield code="v">35.00</subfield>
    <subfield code="w">2016-09-15</subfield>
    <subfield code="y">HN</subfield>
  </datafield>
  <datafield tag="952" ind1=" " ind2=" ">
    <subfield code="0">0</subfield>
    <subfield code="1">0</subfield>
    <subfield code="2">ddc</subfield>
    <subfield code="4">0</subfield>
    <subfield code="7">0</subfield>
    <subfield code="8">FIC</subfield>
    <subfield code="a">ZLS</subfield>
    <subfield code="b">ZLS</subfield>
    <subfield code="d">2018-07-25</subfield>
    <subfield code="l">0</subfield>
    <subfield code="o">&#x909;  &#x926;&#x93E;&#x908;&#x932;&#x942;</subfield>
    <subfield code="p">B-894797</subfield>
    <subfield code="r">2018-07-25 00:00:00</subfield>
    <subfield code="w">2018-07-25</subfield>
    <subfield code="y">HN</subfield>
  </datafield>
</record>
